U.S. States With The Highest Median Age - Statistics

General Stats
  • This quiz has been taken 30 times
  • The average score is 8 of 10
Answer Stats
State Median Age % Correct
Connecticut 40.9
93%
Maine 44.5
93%
Rhode Island 40.2
93%
Florida 42.1
90%
New Hampshire 42.7
90%
Vermont 43.1
90%
Delaware 40.6
79%
Pennsylvania 40.6
76%
Montana 40.1
72%
West Virginia 42.3
69%
No matching quizzes found
Score Distribution
Percent of People with Each Score
Percentile by Number Answered
Your Score History
You have not taken this quiz